[Event "DEM U18w 2012"]
[Site "Oberhof GER"]
[Date "2012.05.27"]
[Round "2"]
[White "Schrader, Elanor"]
[Black "Schäfer, Ann-Kathrin"]
[Result "0-1"]
[Termination "normal"]
[Board "4"]
[WhiteElo "1597"]
[BlackElo "1701"]
[PlyCount "80"]
[WhiteFideId "12951919"]
[BlackFideId "24615412"]
[EventCountry "GER"]
[EventRounds "9"]
[EventType "swiss"]
[EventDate "2012.05.26"]

1. e4 e6 2. Nc3 d5 3. Nf3 Nc6 4. d4 Nf6 5. e5 Nd7 6. Bg5 f6 7. exf6 Nxf6 8. Bb5
Bd7 9. O-O Bd6 10. Re1 O-O 11. Bxc6 bxc6 12. Ne5 c5 13. a3 cxd4 14. Qxd4 c5 15.
Qh4 Qc7 16. Nxd7 Qxd7 17. Rad1 c4 18. Re3 Qf7 19. Rf3 Qg6 20. Re1 Nh5 21. Rxf8+
Rxf8 22. Ne2 Rb8 23. g4 Nf6 24. Bxf6 Qxf6 25. Qxf6 gxf6 26. Nd4 e5 27. Nf5 Bc5
28. Ne3 Bxe3 29. Rxe3 Rxb2 30. Rc3 Kf7 31. Kf1 Kg6 32. Ke2 Kg5 33. h3 Rb1 34.
Rf3 d4 35. Rf5+ Kg6 36. f4 Rb5 37. fxe5 Rxe5+ 38. Rxe5 fxe5 39. Kf3 Kg5 40. Ke4
Kh4 0-1

[Event "DEM U18w 2012"]
[Site "Oberhof GER"]
[Date "2012.05.27"]
[Round "2"]
[White "Sancar, Alina"]
[Black "Lange, Anika"]
[Result "1-0"]
[Termination "normal"]
[Board "5"]
[WhiteElo "1818"]
[BlackElo "1621"]
[PlyCount "67"]
[WhiteFideId "4624750"]
[BlackFideId "24693405"]
[EventCountry "GER"]
[EventRounds "9"]
[EventType "swiss"]
[EventDate "2012.05.26"]

1. d4 d5 2. Nf3 Nf6 3. Bf4 g6 4. e3 Bg7 5. Nbd2 O-O 6. h3 Nbd7 7. Bd3 c5 8. c3
b6 9. O-O Bb7 10. Ne5 Rc8 11. Bh2 a6 12. f4 e6 13. g4 b5 14. Qf3 c4 15. Bc2 a5
16. h4 b4 17. h5 Ba6 18. hxg6 fxg6 19. Qh3 Nxe5 20. dxe5 Nd7 21. Nf3 b3 22. Bb1
Qe7 23. Rf2 Nc5 24. Bg3 Rc7 25. Rh2 Bh8 26. Bxg6 Ne4 27. Bxe4 dxe4 28. Nd2 Bb7
29. axb3 cxb3 30. Nxb3 Rd8 31. Nd4 Ra8 32. g5 Bd5 33. g6 a4 34. Qg4 1-0

[Event "DEM U18w 2012"]
[Site "Oberhof GER"]
[Date "2012.05.27"]
[Round "2"]
[White "Dietrich, Mareike"]
[Black "Zeller, Elisa"]
[Result "0-1"]
[Termination "normal"]
[Board "7"]
[WhiteElo "1433"]
[BlackElo "1828"]
[PlyCount "58"]
[WhiteFideId "12902470"]
[BlackFideId "24662410"]
[EventCountry "GER"]
[EventRounds "9"]
[EventType "swiss"]
[EventDate "2012.05.26"]

1. e4 c5 2. Nf3 d6 3. d4 cxd4 4. Nxd4 Nf6 5. Nc3 a6 6. f3 Nc6 7. Be3 e5 8. Nb3
Be6 9. Qd2 b5 10. O-O-O Na5 11. Kb1 Nc4 12. Bxc4 bxc4 13. Nc1 Qd7 14. g4 Rb8
15. g5 Qb7 16. b3 Nd7 17. Nd5 Rc8 18. f4 Nc5 19. Bxc5 Rxc5 20. fxe5 Bxd5 21.
exd5 dxe5 22. Rhf1 Bd6 23. Ne2 O-O 24. Ng3 c3 25. Qd3 Qb4 26. Qxa6 Ra5 27. Qc4
Qxc4 28. bxc4 Rb8+ 29. Ka1 Rb2 0-1

[Event "DEM U18w 2012"]
[Site "Oberhof GER"]
[Date "2012.05.27"]
[Round "2"]
[White "Mehling, Franziska"]
[Black "Alt, Elisabeth"]
[Result "1-0"]
[Termination "normal"]
[Board "8"]
[WhiteElo "1732"]
[BlackElo "1554"]
[PlyCount "81"]
[WhiteFideId "12900133"]
[BlackFideId "24692620"]
[EventCountry "GER"]
[EventRounds "9"]
[EventType "swiss"]
[EventDate "2012.05.26"]

1. d4 d5 2. c4 Nc6 3. Nc3 Nf6 4. cxd5 Nxd5 5. e4 Nxc3 6. bxc3 e5 7. d5 Nb8 8.
Rb1 c6 9. c4 Bd6 10. Nf3 O-O 11. Be3 f5 12. exf5 Rxf5 13. Bd3 Rf8 14. Ng5 g6
15. Qc2 Bf5 16. Rxb7 cxd5 17. Bxf5 Rxf5 18. Ne6 Qc8 19. Rg7+ Kh8 20. Qb2 dxc4
21. Qb7 Qxb7 22. Rxb7 Nc6 23. Ng5 Be7 24. Ne6 c3 25. Rc7 Nd8 26. Rxe7 Nxe6 27.
Rxe6 Rb8 28. O-O Rc8 29. Rc1 Rf7 30. Rd6 Rb7 31. Kf1 Rb2 32. Rd3 c2 33. Ke2 Rb1
34. Kd2 Rb2 35. Rc3 Rxc3 36. Kxc3 Rxa2 37. Rxc2 Rxc2+ 38. Kxc2 a6 39. Kd3 Kg7
40. Ke4 Kf6 41. Bb6 1-0

[Event "DEM U18w 2012"]
[Site "Oberhof GER"]
[Date "2012.05.27"]
[Round "2"]
[White "Nolte, Katharina"]
[Black "Marx, Inga"]
[Result "0-1"]
[Termination "normal"]
[Board "9"]
[WhiteElo "1507"]
[BlackElo "1804"]
[PlyCount "60"]
[WhiteFideId "12937584"]
[BlackFideId "4654749"]
[EventCountry "GER"]
[EventRounds "9"]
[EventType "swiss"]
[EventDate "2012.05.26"]

1. e4 c6 2. d4 g6 3. Nc3 d5 4. e5 Bg7 5. f4 h5 6. Nf3 Bg4 7. Be3 e6 8. h3 Bxf3
9. Qxf3 h4 10. Bd3 Nh6 11. O-O Nf5 12. Bf2 Nd7 13. Ne2 Bf8 14. b3 Be7 15. Kh2
Rc8 16. c4 Nb6 17. c5 Na8 18. Ng1 Nc7 19. Qe2 Kd7 20. Nf3 Ne8 21. Qe1 Neg7 22.
Rb1 g5 23. fxg5 Bxg5 24. Nxg5 Qxg5 25. Qc1 Qg6 26. Qf4 Rcg8 27. Qf3 Rh5 28. Qf4
Rg5 29. Rg1 Nh5 30. Bxf5 Rxg2+ 0-1

[Event "DEM U18w 2012"]
[Site "Oberhof GER"]
[Date "2012.05.27"]
[Round "2"]
[White "Serif, Amelie"]
[Black "Bornschier, Lisa"]
[Result "1-0"]
[Termination "normal"]
[Board "10"]
[WhiteElo "1754"]
[BlackElo "1347"]
[PlyCount "69"]
[BlackFideId "12951927"]
[EventCountry "GER"]
[EventRounds "9"]
[EventType "swiss"]
[EventDate "2012.05.26"]

1. Nc3 d5 2. e4 d4 3. Nce2 e5 4. Ng3 Be6 5. Nf3 f6 6. Bb5+ c6 7. Ba4 Na6 8. d3
Qa5+ 9. Bd2 Qxa4 10. O-O c5 11. Nh4 Ne7 12. f4 exf4 13. Bxf4 Qd7 14. e5 Nd5 15.
exf6 Nxf6 16. Nh5 Nxh5 17. Qxh5+ g6 18. Nxg6 Qf7 19. Rae1 hxg6 20. Qxh8 Kd7 21.
Bh6 Qg8 22. Qxg8 Bxg8 23. Bxf8 b6 24. Rf6 Nb4 25. Re7+ Kd8 26. Rd6+ Kc8 27.
Re8+ Kb7 28. Rd7+ Kc6 29. Rd6+ Kb7 30. Rxa8 Kxa8 31. c3 dxc3 32. bxc3 Nxa2 33.
Bg7 Bh7 34. Rd8+ Kb7 35. Rh8 1-0

[Event "DEM U18w 2012"]
[Site "Oberhof GER"]
[Date "2012.05.28"]
[Round "3"]
[White "Schulz, Anja"]
[Black "Kühnel, Lena"]
[Result "1/2-1/2"]
[Termination "normal"]
[Board "1"]
[WhiteElo "2124"]
[BlackElo "1927"]
[PlyCount "68"]
[WhiteFideId "24647845"]
[BlackFideId "24640956"]
[EventCountry "GER"]
[EventRounds "9"]
[EventType "swiss"]
[EventDate "2012.05.26"]

1. e4 e5 2. Nf3 Nc6 3. Bb5 a6 4. Ba4 Nf6 5. O-O d6 6. c3 g6 7. Re1 Bg7 8. d4 b5
9. Bc2 O-O 10. h3 Bb7 11. Bg5 Re8 12. d5 Ne7 13. Nh2 h6 14. Be3 c6 15. dxc6
Bxc6 16. Ng4 Nxg4 17. Qxg4 d5 18. Rd1 Qc7 19. f3 d4 20. Bf2 Bd7 21. Qg3 dxc3
22. bxc3 Be6 23. Be3 Red8 24. Qf2 Rxd1+ 25. Bxd1 Qd7 26. Bb3 Bxb3 27. axb3 Qd1+
28. Kh2 Qxb3 29. Qd2 a5 30. Bc5 Bf8 31. Na3 b4 32. cxb4 axb4 33. Qxb4 Qxb4 34.
Bxb4 Nc6 1/2-1/2

[Event "DEM U18w 2012"]
[Site "Oberhof GER"]
[Date "2012.05.28"]
[Round "3"]
[White "Tran, My Linh"]
[Black "Evers, Annika"]
[Result "0-1"]
[Termination "normal"]
[Board "2"]
[WhiteElo "2030"]
[BlackElo "1763"]
[PlyCount "122"]
[WhiteFideId "24682462"]
[BlackFideId "24691933"]
[EventCountry "GER"]
[EventRounds "9"]
[EventType "swiss"]
[EventDate "2012.05.26"]

1. d4 d5 2. Nf3 Nf6 3. Bf4 e6 4. e3 c5 5. h3 Nc6 6. c3 Qb6 7. Qc1 Bd7 8. Bd3
Be7 9. Nbd2 Rc8 10. Rb1 cxd4 11. exd4 Nb4 12. Bc2 Nxc2+ 13. Qxc2 Bb5 14. Qb3
Qa6 15. Qd1 Qxa2 16. Ra1 Qxb2 17. Rb1 Qxc3 18. Rxb5 Qc6 19. Rb1 Nd7 20. O-O O-O
21. Qb3 b6 22. Ra1 a5 23. Rfb1 Bb4 24. Ne1 Qc3 25. Ndf3 Qxb3 26. Rxb3 Rc4 27.
Nd3 Bc3 28. Ra2 Bxd4 29. Nxd4 Rxd4 30. Be3 Rc4 31. Bxb6 Rb8 32. Rxa5 Rc6 33.
Ra7 Rcxb6 34. Rc3 R6b7 35. Rxb7 Rxb7 36. Rc8+ Nf8 37. Nc5 Ra7 38. Nb3 g6 39.
Nd4 Kg7 40. Kf1 Nd7 41. Rc2 Ne5 42. Ke2 Nc4 43. f4 Ra3 44. Kf2 Kf6 45. Re2 Rd3
46. Nf3 Rb3 47. Kg1 Rb1+ 48. Kh2 Rb2 49. Re1 Nd2 50. Ne5 Rb4 51. Kg3 Ne4+ 52.
Kh2 Nd6 53. Rf1 Nc4 54. Ng4+ Ke7 55. Re1 h5 56. Nf2 Nb2 57. Kg3 Rb3+ 58. Kh2
Nd3 59. Re3 Nc5 60. Re2 Rb4 61. g3 Ne4 0-1

[Event "DEM U18w 2012"]
[Site "Oberhof GER"]
[Date "2012.05.28"]
[Round "3"]
[White "Schäfer, Ann-Kathrin"]
[Black "Sancar, Alina"]
[Result "0-1"]
[Termination "normal"]
[Board "3"]
[WhiteElo "1701"]
[BlackElo "1818"]
[PlyCount "74"]
[WhiteFideId "24615412"]
[BlackFideId "4624750"]
[EventCountry "GER"]
[EventRounds "9"]
[EventType "swiss"]
[EventDate "2012.05.26"]

1. d4 d5 2. Nf3 Nf6 3. e3 Bf5 4. c4 c6 5. Nc3 e6 6. Nh4 Bg4 7. Qb3 Qb6 8. Qxb6
axb6 9. h3 Bh5 10. g4 Bg6 11. Nxg6 hxg6 12. cxd5 exd5 13. Bg2 Be7 14. O-O O-O
15. Bd2 Na6 16. a3 Nc7 17. Rac1 Nce8 18. e4 dxe4 19. Nxe4 Nxe4 20. Bxe4 Nf6 21.
Bg2 Rfd8 22. Be3 Nd5 23. Bd2 Bf6 24. Be3 Nxe3 25. fxe3 Bg5 26. Rc3 Re8 27. e4
Rad8 28. d5 cxd5 29. exd5 Re2 30. Rc7 f6 31. b4 Ra8 32. Rxb7 Rxa3 33. d6 Rg3
34. Rf2 Re1+ 35. Kh2 Rd3 36. d7 Kh7 37. Rc2 Bf4# 0-1

[Event "DEM U18w 2012"]
[Site "Oberhof GER"]
[Date "2012.05.28"]
[Round "3"]
[White "Kostre, Margarita"]
[Black "Stark, Saskia"]
[Result "0-1"]
[Termination "normal"]
[Board "4"]
[WhiteElo "1764"]
[BlackElo "1980"]
[PlyCount "74"]
[WhiteFideId "4673344"]
[BlackFideId "4601050"]
[EventCountry "GER"]
[EventRounds "9"]
[EventType "swiss"]
[EventDate "2012.05.26"]

1. e4 c5 2. Nf3 a6 3. Nc3 e6 4. d4 cxd4 5. Nxd4 b5 6. g3 Bb7 7. Bg2 Nf6 8. Qd3
Qc7 9. O-O d6 10. Re1 Nbd7 11. Nd5 exd5 12. exd5+ Kd8 13. Nc6+ Bxc6 14. dxc6
Nc5 15. Qf5 Be7 16. Bf4 Ne6 17. Be3 Ke8 18. Re2 Kf8 19. Rae1 Re8 20. c3 d5 21.
Bxd5 Nxd5 22. Qxd5 Rc8 23. f4 Qxc6 24. Qh5 Bf6 25. f5 Nc7 26. Bf4 g6 27. Qh6+
Bg7 28. Qh3 Re8 29. f6 Bxf6 30. Rxe8+ Nxe8 31. Bh6+ Bg7 32. Bg5 h6 33. Be7+ Kg8
34. Qf1 Bf6 35. Bb4 Kg7 36. Qf4 Nc7 37. Rf1 Nd5 0-1

[Event "DEM U18w 2012"]
[Site "Oberhof GER"]
[Date "2012.05.28"]
[Round "3"]
[White "Zeller, Elisa"]
[Black "Serif, Amelie"]
[Result "1-0"]
[Termination "normal"]
[Board "5"]
[WhiteElo "1828"]
[BlackElo "1754"]
[PlyCount "65"]
[WhiteFideId "24662410"]
[EventCountry "GER"]
[EventRounds "9"]
[EventType "swiss"]
[EventDate "2012.05.26"]

1. e4 d5 2. exd5 Qxd5 3. Nc3 Qa5 4. d4 Nf6 5. Bd2 Bg4 6. Be2 Bxe2 7. Qxe2 a6 8.
Nf3 Nbd7 9. O-O e6 10. a3 c6 11. Rad1 Qd8 12. Rfe1 Be7 13. Ne5 O-O 14. Ne4 Nxe4
15. Qxe4 Nf6 16. Qe2 Qb6 17. Bc3 Rad8 18. Nc4 Qa7 19. Ba5 Rd5 20. Bb6 Qb8 21.
b4 Nd7 22. Bc5 Bxc5 23. dxc5 Nf6 24. a4 Rxd1 25. Rxd1 Nd5 26. Qd2 b6 27. cxb6
Nxb6 28. Nxb6 Qxb6 29. Qd4 Qc7 30. Qd6 Qb6 31. c4 Rb8 32. a5 Qxb4 33. Qxb4 1-0

[Event "DEM U18w 2012"]
[Site "Oberhof GER"]
[Date "2012.05.28"]
[Round "3"]
[White "Schmitt, Katrin"]
[Black "Schrader, Elanor"]
[Result "1/2-1/2"]
[Termination "normal"]
[Board "6"]
[WhiteElo "1827"]
[BlackElo "1597"]
[PlyCount "97"]
[WhiteFideId "24654400"]
[BlackFideId "12951919"]
[EventCountry "GER"]
[EventRounds "9"]
[EventType "swiss"]
[EventDate "2012.05.26"]

1. e4 c5 2. Nf3 Nc6 3. d4 cxd4 4. Nxd4 g6 5. c4 Bg7 6. Be3 Nf6 7. Nc3 d6 8. Be2
O-O 9. O-O Nxd4 10. Bxd4 Bd7 11. Qd2 Bc6 12. f3 a5 13. b3 Nd7 14. Be3 Nc5 15.
Rab1 Qb6 16. Rfc1 Rfc8 17. Rc2 Qb4 18. Nd5 Bxd5 19. exd5 Bf6 20. Bf1 Qxd2 21.
Bxd2 Bd4+ 22. Kh1 Kg7 23. Re1 Bf6 24. Bf4 b6 25. Rcc1 Ra7 26. h3 a4 27. b4 Nb3
28. Rb1 Nd4 29. Bd3 Rb7 30. c5 b5 31. cxd6 exd6 32. Bxd6 Rd7 33. Bc5 Rxd5 34.
Be4 Rdd8 35. Red1 Ne2 36. Rxd8 Rxd8 37. Re1 Ng3+ 38. Kg1 Nxe4 39. fxe4 Bd4+ 40.
Kf1 Bxc5 41. bxc5 Rc8 42. Rc1 Kf6 43. Ke2 Ke5 44. Ke3 b4 45. Rc4 b3 46. axb3
axb3 47. Rb4 Rxc5 48. Rxb3 h5 49. Ra3 1/2-1/2

[Event "DEM U18w 2012"]
[Site "Oberhof GER"]
[Date "2012.05.28"]
[Round "3"]
[White "Marx, Inga"]
[Black "Mehling, Franziska"]
[Result "0-1"]
[Termination "normal"]
[Board "7"]
[WhiteElo "1804"]
[BlackElo "1732"]
[PlyCount "78"]
[WhiteFideId "4654749"]
[BlackFideId "12900133"]
[EventCountry "GER"]
[EventRounds "9"]
[EventType "swiss"]
[EventDate "2012.05.26"]

1. e4 e6 2. d4 d5 3. e5 c5 4. c3 Nc6 5. Nf3 Bd7 6. a3 f6 7. exf6 Nxf6 8. Bd3
Qc7 9. O-O c4 10. Bc2 Bd6 11. Re1 O-O-O 12. a4 Rdf8 13. Na3 a6 14. b3 cxb3 15.
Bxb3 Ne4 16. Re3 g5 17. c4 g4 18. cxd5 gxf3 19. gxf3 Bxh2+ 20. Kf1 Rhg8 21. Ke2
Rg1 22. Qd3 exd5 23. fxe4 Bg4+ 24. f3 Qg3 25. Kd2 Bxf3 26. exd5 Qf2+ 27. Kc3
Na5 28. Nc4 Nxb3 29. Kxb3 Bd1+ 30. Kc3 Bf4 31. Nb6+ Kd8 32. Qxh7 Qc2+ 33. Qxc2
Bxc2 34. Ba3 Rxa1 35. Bxf8 Bxe3 36. Kxc2 Bxd4 37. Nc4 Rxa4 38. Kb3 b5 39. d6
Rxc4 0-1

[Event "DEM U18w 2012"]
[Site "Oberhof GER"]
[Date "2012.05.28"]
[Round "3"]
[White "Lange, Anika"]
[Black "Alt, Elisabeth"]
[Result "1/2-1/2"]
[Termination "normal"]
[Board "9"]
[WhiteElo "1621"]
[BlackElo "1554"]
[PlyCount "79"]
[WhiteFideId "24693405"]
[BlackFideId "24692620"]
[EventCountry "GER"]
[EventRounds "9"]
[EventType "swiss"]
[EventDate "2012.05.26"]

1. d4 d5 2. c4 Nc6 3. cxd5 Qxd5 4. e3 e5 5. Nc3 Bb4 6. Bd2 Bxc3 7. Bxc3 exd4 8.
Ne2 Nf6 9. Nxd4 O-O 10. Be2 Ne5 11. O-O Bg4 12. Nb5 Bxe2 13. Qxe2 Rfc8 14. Rfd1
Qc4 15. Qxc4 Nxc4 16. b3 Nb6 17. Be5 c6 18. Nd6 Rcb8 19. Rd2 Ne8 20. Rad1 Nxd6
21. Rxd6 Re8 22. Kf1 Kf8 23. Bb2 f6 24. Ba3 Kf7 25. Bc5 Re6 26. Bxb6 axb6 27.
Rd7+ Re7 28. R1d2 Rae8 29. f4 Rxd7 30. Rxd7+ Re7 31. Rd3 Ke6 32. Ke2 Rd7 33. e4
c5 34. h3 b5 35. Rxd7 Kxd7 36. Kd3 Kd6 37. g3 g6 38. Kc3 h6 39. Kd3 b6 40. Kc3
1/2-1/2

[Event "DEM U18w 2012"]
[Site "Oberhof GER"]
[Date "2012.05.28"]
[Round "3"]
[White "Bornschier, Lisa"]
[Black "Nolte, Katharina"]
[Result "1-0"]
[Termination "normal"]
[Board "10"]
[WhiteElo "1347"]
[BlackElo "1507"]
[PlyCount "43"]
[WhiteFideId "12951927"]
[BlackFideId "12937584"]
[EventCountry "GER"]
[EventRounds "9"]
[EventType "swiss"]
[EventDate "2012.05.26"]

1. e4 c5 2. Nc3 Nc6 3. Bb5 g6 4. Bxc6 bxc6 5. d3 Bg7 6. f4 d6 7. Nf3 Rb8 8. O-O
Qb6 9. Kh1 Bg4 10. Qe1 Bxf3 11. Rxf3 Nf6 12. Qh4 e6 13. Rf1 Qd8 14. f5 Nd7 15.
Bg5 f6 16. Bh6 Bxh6 17. Qxh6 exf5 18. exf5 Kf7 19. Ne4 Qe7 20. Rae1 Rbe8 21.
Ng5+ fxg5 22. fxg6+ 1-0

[Event "DEM U18w 2012"]
[Site "Oberhof GER"]
[Date "2012.05.29"]
[Round "4"]
[White "Kühnel, Lena"]
[Black "Stark, Saskia"]
[Result "1/2-1/2"]
[Termination "normal"]
[Board "1"]
[WhiteElo "1927"]
[BlackElo "1980"]
[PlyCount "44"]
[WhiteFideId "24640956"]
[BlackFideId "4601050"]
[EventCountry "GER"]
[EventRounds "9"]
[EventType "swiss"]
[EventDate "2012.05.26"]

1. e4 c5 2. Nf3 e6 3. d4 cxd4 4. Nxd4 a6 5. c4 Nf6 6. Nc3 Bb4 7. Qd3 d6 8. f3
Nbd7 9. a3 Ne5 10. Qc2 Bc5 11. Be3 Bd7 12. b4 Ba7 13. Qd2 O-O 14. Nc2 Bxe3 15.
Nxe3 Qb6 16. Be2 Rfd8 17. O-O Rac8 18. Kh1 Be8 19. Rfd1 h6 20. Rac1 Ng6 21. Nc2
Ne5 22. Ne3 Ng6 1/2-1/2

[Event "DEM U18w 2012"]
[Site "Oberhof GER"]
[Date "2012.05.29"]
[Round "4"]
[White "Tran, My Linh"]
[Black "Schulz, Anja"]
[Result "1/2-1/2"]
[Termination "normal"]
[Board "4"]
[WhiteElo "2030"]
[BlackElo "2124"]
[PlyCount "192"]
[WhiteFideId "24682462"]
[BlackFideId "24647845"]
[EventCountry "GER"]
[EventRounds "9"]
[EventType "swiss"]
[EventDate "2012.05.26"]

1. e4 c5 2. Nf3 Nc6 3. d4 cxd4 4. Nxd4 e5 5. Nb5 d6 6. N1c3 a6 7. Na3 Be7 8.
Nc4 b5 9. Ne3 Nf6 10. g3 h5 11. Bg2 h4 12. O-O h3 13. Bh1 Be6 14. Ncd5 g6 15.
c3 Rb8 16. Qd3 Bf8 17. a4 Nd7 18. axb5 Nc5 19. Qd1 axb5 20. Ng4 Bg7 21. Qf3
Bxg4 22. Qxg4 Qd7 23. Qf3 Qd8 24. Qg4 Qd7 25. Qf3 Qd8 26. Be3 Ne6 27. Ra6 Qc8
28. Rfa1 Nc5 29. Nf6+ Kf8 30. Bxc5 dxc5 31. Nd5 b4 32. cxb4 Nd4 33. Qd3 cxb4
34. Ra7 Bh6 35. Nf6 Kg7 36. Nd7 Rb7 37. Rxb7 Qxb7 38. Nxe5 Rd8 39. Qf1 Qc7 40.
Nf3 Nb3 41. Rd1 Rxd1 42. Qxd1 Qc1 43. Qxc1 Bxc1 44. Ne5 Bxb2 45. Nc4 Bc3 46. e5
Nd4 47. Be4 g5 48. f3 b3 49. Kf1 b2 50. Na3 Nb3 51. Bc2 Na1 52. Bf5 Bxe5 53.
Bxh3 Kg6 54. Bd7 Nc2 55. Nb1 f5 56. Ba4 Nd4 57. Kf2 f4 58. Bd1 Kf6 59. g4 Ke6
60. Ke1 Kd6 61. Kd2 Kc5 62. Kd3 Kb4 63. Ke4 Bg7 64. Kd3 Nb5 65. Bc2 Nd4 66. Bd1
Nc6 67. Ke4 Nd4 68. Kd3 Bh8 69. Ke4 Kc4 70. Na3+ Kc3 71. Nb1+ Kb4 72. Kd3 Nb5
73. Bc2 Nd6 74. Bd1 Nc4 75. Ke4 Ne3 76. Be2 Kb3 77. Bd3 Ka2 78. Nd2 Bc3 79. Nb1
Ba5 80. Ke5 Nd1 81. Kf6 Bd8+ 82. Ke5 Ne3 83. Ke4 Bf6 84. Nd2 Bh8 85. Nb1 Kb3
86. Nd2+ Kc3 87. Nb1+ Kb4 88. Be2 Bc3 89. Kd3 Bg7 90. Ke4 Bc3 91. Kd3 Bf6 92.
Ke4 Bg7 93. Ba6 Kb3 94. Bd3 Kb4 95. Ba6 Kb3 96. Bd3 Kb4 1/2-1/2

[Event "DEM U18w 2012"]
[Site "Oberhof GER"]
[Date "2012.05.29"]
[Round "4"]
[White "Schäfer, Ann-Kathrin"]
[Black "Schmitt, Katrin"]
[Result "0-1"]
[Termination "normal"]
[Board "5"]
[WhiteElo "1701"]
[BlackElo "1827"]
[PlyCount "110"]
[WhiteFideId "24615412"]
[BlackFideId "24654400"]
[EventCountry "GER"]
[EventRounds "9"]
[EventType "swiss"]
[EventDate "2012.05.26"]

1. d4 d5 2. Nf3 Nf6 3. e3 a6 4. Bd3 Bg4 5. Nbd2 e6 6. O-O Be7 7. b3 O-O 8. Bb2
Nbd7 9. Re1 Bh5 10. c4 Bg6 11. e4 dxe4 12. Nxe4 Nxe4 13. Bxe4 Bxe4 14. Rxe4 Nf6
15. Re2 c6 16. Qc2 Qc7 17. Rd1 Rad8 18. Ng5 h6 19. Ne4 Rd7 20. Re3 Nxe4 21.
Rxe4 Bf6 22. Re3 Rfd8 23. Red3 Qf4 24. Rf3 Qh4 25. Rh3 Qf4 26. Rf3 Qc7 27. Rfd3
Qb6 28. Qd2 Kh8 29. c5 Qc7 30. Re1 Rd5 31. Re4 Qd7 32. h3 Rxc5 33. dxc5 Qxd3
34. Qxd3 Rxd3 35. Bxf6 gxf6 36. Rf4 Kg7 37. Rg4+ Kh7 38. Rf4 f5 39. Rb4 Rd1+
40. Kh2 Rd7 41. Kg3 Kg6 42. Kf4 Kf6 43. Ke3 e5 44. f3 f4+ 45. Ke2 Kg5 46. Re4
Rd5 47. b4 Kh4 48. Ke1 Kg3 49. Re2 f6 50. Rc2 Rd4 51. Rb2 f5 52. a3 e4 53. fxe4
fxe4 54. Rc2 e3 55. Re2 Rd2 0-1

[Event "DEM U18w 2012"]
[Site "Oberhof GER"]
[Date "2012.05.29"]
[Round "4"]
[White "Schrader, Elanor"]
[Black "Kostre, Margarita"]
[Result "1-0"]
[Termination "normal"]
[Board "6"]
[WhiteElo "1597"]
[BlackElo "1764"]
[PlyCount "55"]
[WhiteFideId "12951919"]
[BlackFideId "4673344"]
[EventCountry "GER"]
[EventRounds "9"]
[EventType "swiss"]
[EventDate "2012.05.26"]

1. e4 e5 2. Nf3 Nc6 3. Bb5 Bc5 4. O-O Nf6 5. Re1 O-O 6. c3 d6 7. h3 Qe7 8. d4
Bb6 9. Bg5 h6 10. Bh4 a6 11. Ba4 Ba7 12. Bxc6 bxc6 13. Nbd2 Qe6 14. b3 Nd7 15.
Nc4 Re8 16. Na5 c5 17. Nc6 cxd4 18. cxd4 Bxd4 19. Nfxd4 exd4 20. Qxd4 Nf8 21.
f4 Qd7 22. Qd5 Ne6 23. Ne7+ Rxe7 24. Qxa8 Re8 25. f5 Nd4 26. Rac1 Qb5 27. Rxc7
Qa5 28. Rxc8 1-0

[Event "DEM U18w 2012"]
[Site "Oberhof GER"]
[Date "2012.05.29"]
[Round "4"]
[White "Serif, Amelie"]
[Black "Lange, Anika"]
[Result "0-1"]
[Termination "normal"]
[Board "8"]
[WhiteElo "1754"]
[BlackElo "1621"]
[PlyCount "70"]
[BlackFideId "24693405"]
[EventCountry "GER"]
[EventRounds "9"]
[EventType "swiss"]
[EventDate "2012.05.26"]

1. Nc3 d5 2. e4 d4 3. Nce2 e5 4. Ng3 Be6 5. Nf3 f6 6. Bb5+ c6 7. Ba4 Na6 8. Bb3
Nc5 9. Bxe6 Nxe6 10. d3 Bb4+ 11. Bd2 Bxd2+ 12. Nxd2 Qd7 13. O-O Ne7 14. Nh5 Ng6
15. Qg4 Ngf4 16. Nc4 b5 17. Na5 c5 18. g3 Nxh5 19. Qxh5+ Qf7 20. Qxf7+ Kxf7 21.
a4 a6 22. axb5 axb5 23. Nb3 c4 24. Nd2 cxd3 25. cxd3 Nc5 26. Rac1 Rhc8 27. f4
Nxd3 28. Rxc8 Rxc8 29. fxe5 Nxe5 30. Nb3 d3 31. Rd1 Rc2 32. Nd2 Rxb2 33. Kf2
Nc4 34. Ke1 Ke6 35. Nf3 Re2+ 0-1

[Event "DEM U18w 2012"]
[Site "Oberhof GER"]
[Date "2012.05.29"]
[Round "4"]
[White "Dietrich, Mareike"]
[Black "Bornschier, Lisa"]
[Result "1/2-1/2"]
[Termination "normal"]
[Board "9"]
[WhiteElo "1433"]
[BlackElo "1347"]
[PlyCount "77"]
[WhiteFideId "12902470"]
[BlackFideId "12951927"]
[EventCountry "GER"]
[EventRounds "9"]
[EventType "swiss"]
[EventDate "2012.05.26"]

1. e4 e5 2. Nf3 Nf6 3. Nxe5 d6 4. Nf3 Nxe4 5. Qe2 Qe7 6. d3 Nf6 7. Bg5 Be6 8.
Nc3 c6 9. Ne4 Nbd7 10. Nd4 h6 11. Bh4 d5 12. Nxf6+ Nxf6 13. c3 c5 14. Nb5 Qd7
15. Na3 Be7 16. Nc2 O-O 17. Qd2 Bf5 18. Ne3 Rfe8 19. Be2 Ng4 20. Bxe7 Rxe7 21.
O-O Rae8 22. Nxf5 Qxf5 23. Bf3 d4 24. Rae1 Ne5 25. Be4 Qh5 26. cxd4 cxd4 27.
Qb4 Nc6 28. Bxc6 Rxe1 29. Rxe1 Rxe1+ 30. Qxe1 bxc6 31. Qe8+ Kh7 32. h3 c5 33.
Qe4+ f5 34. Qe5 Qd1+ 35. Kh2 Qxd3 36. Qxc5 Qd2 37. Qxf5+ Kg8 38. Qd5+ Kh7 39.
Qf5+ 1/2-1/2

[Event "DEM U18w 2012"]
[Site "Oberhof GER"]
[Date "2012.05.29"]
[Round "4"]
[White "Alt, Elisabeth"]
[Black "Nolte, Katharina"]
[Result "1/2-1/2"]
[Termination "normal"]
[Board "10"]
[WhiteElo "1554"]
[BlackElo "1507"]
[PlyCount "54"]
[WhiteFideId "24692620"]
[BlackFideId "12937584"]
[EventCountry "GER"]
[EventRounds "9"]
[EventType "swiss"]
[EventDate "2012.05.26"]

1. d4 Nf6 2. Nf3 g6 3. Nc3 Bg7 4. e4 d6 5. Be3 O-O 6. Qd2 Nbd7 7. Bh6 e5 8.
Bxg7 Kxg7 9. O-O-O Qe7 10. h4 exd4 11. Qxd4 Ne5 12. Nxe5 dxe5 13. Qd2 b6 14. f3
Bb7 15. g4 Rad8 16. Qg5 h6 17. Qe3 Rh8 18. Bd3 h5 19. g5 Nd7 20. f4 exf4 21.
Qxf4 Nc5 22. Rhf1 Rhe8 23. e5 Nd7 24. Rde1 Rf8 25. Bc4 Rde8 26. e6 fxe6 27.
Qxc7 Rxf1 1/2-1/2

[Event "DEM U18w 2012"]
[Site "Oberhof GER"]
[Date "2012.05.29"]
[Round "5"]
[White "Evers, Annika"]
[Black "Kühnel, Lena"]
[Result "0-1"]
[Termination "normal"]
[Board "1"]
[WhiteElo "1763"]
[BlackElo "1927"]
[PlyCount "76"]
[WhiteFideId "24691933"]
[BlackFideId "24640956"]
[EventCountry "GER"]
[EventRounds "9"]
[EventType "swiss"]
[EventDate "2012.05.26"]

1. d4 Nf6 2. Nf3 c5 3. e3 g6 4. Bd3 Bg7 5. c3 O-O 6. Nbd2 d5 7. O-O Nbd7 8. Ne5
Nxe5 9. dxe5 Ng4 10. Nf3 Nxe5 11. Nxe5 Bxe5 12. f4 Bg7 13. f5 e5 14. fxg6 fxg6
15. Rxf8+ Qxf8 16. e4 c4 17. Be2 Qc5+ 18. Kh1 d4 19. b3 d3 20. Bf1 Be6 21. Bb2
Qf2 22. Ba3 b5 23. bxc4 bxc4 24. Qa4 Qb6 25. g3 Rd8 26. Bb4 Bd7 27. Qa3 Bc6 28.
Bg2 Qb7 29. Qa5 Qb6 30. Qa3 d2 31. Rd1 Qf2 32. Bc5 Qe1+ 33. Rxe1 dxe1=Q+ 34.
Bg1 Rd1 35. Qc5 Qxg1+ 36. Qxg1 Rxg1+ 37. Kxg1 Bh6 38. Kf2 Bd2 0-1